Szczegóły MARC21

Gimnastyka : zarys historii, terminologia i systematyka /

003 -Nazwa inst., której nr kontr. jest w polu 001 [,]
    • @
    • Nazwa instytucji, której n kontrolny jest w polu 001
    • NUKAT
005 -DATA I CZAS OSTATNIEJ MODYFIKACJI [,]
    • @
    • pole kontrolne
    • 20260429180647.0
020 -Międzynarod. znormalizowany nr książki - ISBN [ , ]
    • a
    • Numer ISBN
    • 9788392911401 Find
040 -Instytucja sporządzająca opis [ , ]
    • a
    • Instytucja, która sporządziła opis (NP)
    • KR U/RB
    • c
    • Instytucja, która sporządziła rekord (NP)
    • KR U/RB
    • d
    • Instytucja, która zmodyfikowała rekord (P)
    • KR U/RB
    • d
    • Instytucja, która zmodyfikowała rekord (P)
    • TOR U/GKs
942 -Rodzaj dokumentu [ , ]
    • c
    • Rodzaj dokumentu
    • Książka
245 -Strefa tytułu i oznaczenia odpowiedzialności [0,0]
    • a
    • Tytuł
    • Gimnastyka : Find
    • b
    • Ciąg dalszy tytułu (NP)
    • zarys historii, terminologia i systematyka / Find
    • c
    • Pozostałe elementy strefy tytułu i oznaczenia odpowiedzialności (NP)
    • Maria Nowak [et al.] ; Zamiejscowy Wydział Kultury Fizycznej w Gorzowie Wlkp. Akademii Wychowania Fizycznego im. Eugeniusza Piaseckiego w Poznaniu, Polskie Towarzystwo Naukowe Kultury Fizycznej, Polski Związek Akrobatyki Sportowej.
260 -Strefa adresu wydawniczego [ , ]
    • a
    • Miejsce wydania (P)
    • Gorzów Wlkp. :
    • b
    • Nazwa wydawcy (P)
    • [Polskie Towarzystwo Naukowe Kultury Fizycznej. Oddział],
    • c
    • Data wydania (P)
    • 2009.
300 -Strefa opisu fizycznego [ , ]
    • a
    • Określenie formy książki i/lub objętość (NP)
    • 184 s. :
    • b
    • Oznaczenie ilustracji (NP)
    • il. ;
    • c
    • Format (NP)
    • 24 cm.
336 -Typ zawartości [ , ]
    • a
    • Termin opisujący typ zawartości
    • Tekst
    • b
    • Kod określający zawartość
    • txt
    • 2
    • Źródło (terminu i kodu)
    • rdacontent
337 -Typ mediów [ , ]
    • a
    • Tryb odtwarzania
    • Bez urządzenia pośredniczącego
    • b
    • Kod typu mediów
    • n
    • 2
    • Źródło (terminu i kodu)
    • rdamedia
338 -Typ/rodzaj nośnika [ , ]
    • a
    • Hasło opisujące typ nośnika
    • Wolumin
    • b
    • Kod typu nośnika
    • nc
    • 2
    • Źródło (terminu i kodu)
    • rdacarrier
380 -Deskryptor - Forma dzieła (P) [ , ]
    • a
    • forma dzieła (NP)
    • Książki
380 -Deskryptor - Forma dzieła (P) [ , ]
    • a
    • forma dzieła (NP)
    • Publikacje dydaktyczne
380 -Deskryptor - Forma dzieła (P) [ , ]
    • a
    • forma dzieła (NP)
    • Publikacje naukowe
385 -Deskryptor - grupa odbiorców (P) [ , ]
    • m
    • wyrażenie wprowadzające (NP)
    • Poziom nauczania
    • a
    • termin określający odbiorcę (P)
    • Szkoły wyższe
385 -Deskryptor - grupa odbiorców (P) [ , ]
    • a
    • termin określający odbiorcę (P)
    • Szkoły wyższe
500 -Uwaga ogólna [ , ]
    • a
    • Uwaga ogólna (NP)
    • Nazwa wydawcy na podstawie bazy ISBN.
504 -Uwaga dot. bibliogr. załącznikowej [ , ]
    • a
    • Uwaga dot. bibliografii załącznikowej
    • Bibliogr. s. 177-180. Indeks.
521 -Uwaga dot. przeznaczenia czytelniczego [8, ]
    • a
    • Uwaga dot. przeznaczenia czytelniczego
    • Podręcznik dla studentów wychowania fizycznego.
650 -Hasło przedmiotowe [ ,7]
    • a
    • Hasło przedmiotowe
    • Gimnastyka
    • 2
    • Źródło terminu
    • DBN
650 -Hasło przedmiotowe [ ,7]
    • a
    • Hasło przedmiotowe
    • Gimnastyka
    • v
    • Określnik formalny
    • podręczniki akademickie.
    • 2
    • Źródło terminu
    • kaba
    • 9
    • KHW
    • 369066
655 -Hasło w funkcji tematu formalnego [ ,7]
    • a
    • Hasło
    • Podręcznik
    • 2
    • Źródło terminu
    • DBN
    • 9
    • KHW
    • 720960
700 -Hasło dodatkowe - nazwa osobowa [1, ]
    • a
    • Nazwa osobowa (NP)
    • Nowak, Maria Find
    • c
    • Dopowiedzenie inne niż daty biograficzne (NP)
    • (gimnastyka).
    • 9
    • KHW
    • 18451
920 -ISBN [ , ]
    • a
    • ISBN
    • 978-83-929114-0-1 Find
Status udost. Sygnatura Data inwentaryzacji Lokalizacja Numer inwentarzowy
1Gimnastyka 212010-02-24BMWF.8610
-3 2016-04-25BMWF.9905
-3 2022-12-15BMWFM.134